General Knowledge MCQ #19 - Statistics

General Stats
  • This quiz has been taken 16 times
  • The average score is 6 of 15
Answer Stats
Question Answer % Correct
The longest border between any two countries in the world is between A. Canada and the USA
73%
Which one of these urban settlements is larger in terms of population B. Megalopolis
67%
The legendary Fashion designer also known as ' The Last Emperor' dies at the age 93 was from this country C. Italy
67%
First New Year's Eve celebration held in Times Square in the year 1904
60%
Afar Triple Junction, one of Earth's lost dynamic tectonic regions, is located in this continent A. Africa
60%
This famous dictator, died more than 70 years ago, was born and raised in the city of Gori C. Joseph Stalin
60%
This country skips the day altogether in the year 1994 Kiribati
60%
One of the World's smallest countries having no official capital is also known as Pleasant Island Nauru
40%
This landlocked African country l8cated south of the Equator is often referred to as the " land of a thousand hills" C. Rwanda
33%
Berm, primarily as a defensive military barrier built between 1980 - 1987, creating a structure of approximately 2,700 kilometers constructed by C. Morocco
27%
Eastern Thrace , a geographical term, is generally associated with this country Turkey
27%
This country in 2013 made Corporate Social Responsibility ( CSR) mandatory becoming the first to do so in the world B. India
13%
Abu Dhabi Plaza, the tallest building of this country, located in C. Kazakhstan
13%
Which one of these treaties came into the existence at the earliest? C. Nuclear Non-Proliferation Treaty (NPT)
13%
In modern trading, this metal is widely known as the "devil's metal" due to its unpredictable and volatile nature. D. Silver
13%
No matching quizzes found
Score Distribution
Percent of People with Each Score
Percentile by Number Answered
Your Score History
You have not taken this quiz